[Event "SLO-chT 24th"]
[Site "Slovenia"]
[Date "2014.11.29"]
[Round "5.5"]
[White "Perus, Danilo"]
[Black "Unuk, Laura"]
[Result "1-0"]
[WhiteElo "2257"]
[BlackElo "2273"]
[PlyCount "77"]
[EventDate "2014.11.14"]
[EventType "team-tourn"]
[EventRounds "9"]
[EventCountry "SLO"]
[SourceTitle "EXT 2016"]
[Source "ChessBase"]
[SourceDate "2015.10.08"]
[SourceVersion "1"]
[SourceVersionDate "2015.10.08"]
[SourceQuality "1"]
[WhiteTeam "Kovinar DEM"]
[BlackTeam "Komenda"]
[WhiteTeamCountry "SLO"]
[BlackTeamCountry "SLO"]

1. e4 e6 2. f4 d5 3. e5 c5 4. b4 cxb4 5. a3 Qb6 6. axb4 Bxb4 7. Nf3 Bd7 8. c3 Be7 9. Na3 Na6 10. Rb1 Qa5 11. Nb5 Nc5 12. Ba3 a6 13. Bb4 Qb6 14. Nbd4 Qc7 15. Be2 Ne4 16. 0-0 b5 17. Qb3 Qa7 18. d3 Bxb4 19. dxe4 dxe4 20. Ng5 Bc5 21. Kh1 Bxd4 22. cxd4 Bc6 23. f5 Bd5 24. Qh3 exf5 25. e6 Bxe6 26. Nxe6 fxe6 27. Bh5+ Ke7 28. Qe3 Kf6 29. d5 g6 30. dxe6 gxh5 31. Qc3+ Kg6 32. Qg3+ Kf6 33. Qc3+ Kxe6 34. Qc6+ Ke7 35. Rxf5 Rd8 36. Re5+ Kf7 37. Qe6+ Kg7 38. Rg5+ Kf8 39. Rf1+ 1-0

[Event "SLO-chT1 Ost"]
[Site "Maribor"]
[Date "2012.10.14"]
[Round "5"]
[White "Spalir, Branko"]
[Black "Perus, Danilo"]
[Result "1-0"]
[WhiteElo "2076"]
[BlackElo "2259"]
[PlyCount "93"]
[EventDate "2012.10.11"]
[EventType "team-tourn"]
[EventRounds "9"]
[EventCountry "SLO"]
[SourceTitle "EXT 2022"]
[Source "ChessBase"]
[SourceDate "2021.10.06"]
[SourceVersion "1"]
[SourceVersionDate "2021.10.06"]
[SourceQuality "1"]

1. e4 c5 2. Nc3 Nc6 3. g3 g6 4. Bg2 Bg7 5. d3 d6 6. f4 e6 7. Nf3 Nge7 8. 0-0 0-0 9. Be3 Nd4 10. Bf2 Nec6 11. Re1 Rb8 12. Qc1 Qa5 13. Nd2 b5 14. Nd1 Ne7 15. c3 Ndc6 16. Nf3 b4 17. g4 Ba6 18. c4 Rfe8 19. Bg3 Rbd8 20. Ne3 Bb7 21. Bh4 f6 22. Rf1 h6 23. Bg3 d5 24. cxd5 exd5 25. exd5 Nxd5 26. Nxd5 Rxd5 27. Qc4 Qd8 28. Nh4 Nd4 29. Rae1 Re2 30. Rxe2 Nxe2+ 31. Kf2 Nxg3 32. Kxg3 Kh7 33. Bxd5 Bxd5 34. Qxc5 Bxa2 35. Qxa7 Qxd3+ 36. Rf3 Qb1 37. Qf2 Bd5 38. Re3 f5 39. gxf5 gxf5 40. Re2 Qd3+ 41. Re3 Qd1 42. Nxf5 h5 43. Qe2 Qg1+ 44. Kh3 Qg4+ 45. Qxg4 hxg4+ 46. Kxg4 Bxb2 47. Kg5 1-0

[Event "SLO-chT1 Ost"]
[Site "Sentjur"]
[Date "2011.10.23"]
[Round "9"]
[White "Plesec, Damjan"]
[Black "Perus, Danilo"]
[Result "1/2-1/2"]
[WhiteElo "2304"]
[BlackElo "2258"]
[PlyCount "26"]
[EventDate "2011.10.13"]
[EventType "team-tourn"]
[EventRounds "9"]
[EventCountry "SLO"]
[SourceTitle "EXT 2022"]
[Source "ChessBase"]
[SourceDate "2021.10.06"]
[SourceVersion "1"]
[SourceVersionDate "2021.10.06"]
[SourceQuality "1"]
[WhiteTeam "Lendava Rokada"]
[BlackTeam "Maribor Kovinar Nova"]
[WhiteTeamCountry "SLO"]
[BlackTeamCountry "SLO"]

1. d4 Nf6 2. c4 g6 3. Nc3 d5 4. cxd5 Nxd5 5. e4 Nxc3 6. bxc3 Bg7 7. Be3 c5 8. Qd2 Qa5 9. Rc1 cxd4 10. cxd4 Qxd2+ 11. Kxd2 0-0 12. Nf3 Nc6 13. Bb5 f5 1/2-1/2

[Event "SLO-chT1 Ost"]
[Site "Sentjur"]
[Date "2011.10.15"]
[Round "4"]
[White "Korze, Danilo"]
[Black "Perus, Danilo"]
[Result "0-1"]
[WhiteElo "2063"]
[BlackElo "2258"]
[PlyCount "66"]
[EventDate "2011.10.13"]
[EventType "team-tourn"]
[EventRounds "9"]
[EventCountry "SLO"]
[SourceTitle "EXT 2022"]
[Source "ChessBase"]
[SourceDate "2021.10.06"]
[SourceVersion "1"]
[SourceVersionDate "2021.10.06"]
[SourceQuality "1"]
[WhiteTeam "Hoce"]
[BlackTeam "Maribor Kovinar Nova"]
[WhiteTeamCountry "SLO"]
[BlackTeamCountry "SLO"]

1. c4 Nf6 2. Nc3 e5 3. g3 c6 4. d3 d5 5. cxd5 cxd5 6. Bg2 Nc6 7. Bd2 Be7 8. a3 0-0 9. Nh3 d4 10. Ne4 Nxe4 11. dxe4 Be6 12. f3 Na5 13. Bxa5 Qxa5+ 14. b4 Qb6 15. 0-0 a5 16. bxa5 Rxa5 17. Qd3 Rc8 18. Rfb1 Qa7 19. Nf2 Bg5 20. Bh3 Rc3 21. Qd1 Bc4 22. Bf1 Be3 23. Kg2 h5 24. a4 Bxf2 25. Kxf2 d3+ 26. Kg2 Rc2 27. Kh1 Rxa4 28. Rxa4 Qxa4 29. exd3 Qa2 30. Qe1 Bxd3 31. Ra1 Qb2 32. Rb1 Rxh2+ 33. Kg1 Bxb1 0-1

[Event "SLO-chT1 Ost"]
[Site "Sentjur"]
[Date "2011.10.13"]
[Round "1"]
[White "Perus, Danilo"]
[Black "Spalir, Branko"]
[Result "1-0"]
[WhiteElo "2258"]
[BlackElo "2088"]
[PlyCount "33"]
[EventDate "2011.10.13"]
[EventType "team-tourn"]
[EventRounds "9"]
[EventCountry "SLO"]
[SourceTitle "EXT 2022"]
[Source "ChessBase"]
[SourceDate "2021.10.06"]
[SourceVersion "1"]
[SourceVersionDate "2021.10.06"]
[SourceQuality "1"]
[WhiteTeam "Maribor Kovinar Nova"]
[BlackTeam "Slovenj Gradec"]
[WhiteTeamCountry "SLO"]
[BlackTeamCountry "SLO"]

1. e4 e5 2. Nf3 Nc6 3. Bc4 Bc5 4. 0-0 Qf6 5. b4 Bxb4 6. c3 Bc5 7. d4 Bb6 8. Ng5 Nh6 9. f4 exd4 10. e5 Qd8 11. Kh1 0-0 12. Qd3 g6 13. Qh3 Kg7 14. f5 f6 15. exf6+ Rxf6 16. Qxh6+ Kxh6 17. Ne6+ 1-0

[Event "SLO-chT2 Ost"]
[Site "Maribor"]
[Date "2009.10.10"]
[Round "8"]
[White "Klemencic, Gorazd"]
[Black "Perus, Danilo"]
[Result "1-0"]
[WhiteElo "2226"]
[BlackElo "2317"]
[PlyCount "109"]
[EventDate "2009.05.30"]
[EventType "team-tourn"]
[EventRounds "9"]
[EventCountry "SLO"]
[SourceTitle "EXT 2022"]
[Source "ChessBase"]
[SourceDate "2021.10.06"]
[SourceVersion "1"]
[SourceVersionDate "2021.10.06"]
[SourceQuality "1"]

1. e4 c5 2. c3 d6 3. Bb5+ Bd7 4. Qe2 Nf6 5. Nf3 Bxb5 6. Qxb5+ Qd7 7. Qxd7+ Nbxd7 8. d3 g6 9. Na3 Bg7 10. 0-0 0-0 11. Re1 a6 12. Nc2 b5 13. Bg5 h6 14. Bxf6 Bxf6 15. Ne3 e6 16. d4 cxd4 17. cxd4 Rac8 18. Rac1 Nb6 19. b3 Rxc1 20. Rxc1 Rc8 21. Rxc8+ Nxc8 22. Kf1 Kf8 23. Ke2 Ke8 24. Kd3 Kd7 25. g4 Ne7 26. h4 Nc6 27. a3 Na5 28. b4 Nc6 29. h5 gxh5 30. gxh5 Bg7 31. Nc2 Ne7 32. Nd2 Ng8 33. f4 Nf6 34. Ke3 Nxh5 35. Kf3 Nf6 36. Nb3 Bf8 37. Ne3 Kc6 38. Na5+ Kc7 39. Nb3 Nd7 40. d5 Bg7 41. dxe6 fxe6 42. f5 exf5 43. exf5 Bb2 44. Nd5+ Kd8 45. Kg4 Ke8 46. Kh5 Nf6+ 47. Nxf6+ Bxf6 48. Kg6 Bb2 49. f6 Kf8 50. f7 h5 51. Nd2 Bc1 52. Nf3 Be3 53. Nh4 Bb6 54. Nf5 Be3 55. Nxe3 1-0

[Event "SLO-chT2 Ost"]
[Site "Maribor"]
[Date "2009.09.05"]
[Round "6"]
[White "Perus, Danilo"]
[Black "Ivekovic, Mario"]
[Result "1/2-1/2"]
[WhiteElo "2317"]
[BlackElo "2292"]
[PlyCount "39"]
[EventDate "2009.05.30"]
[EventType "team-tourn"]
[EventRounds "9"]
[EventCountry "SLO"]
[SourceTitle "EXT 2022"]
[Source "ChessBase"]
[SourceDate "2021.10.06"]
[SourceVersion "1"]
[SourceVersionDate "2021.10.06"]
[SourceQuality "1"]

1. e4 c6 2. d4 d5 3. Nd2 dxe4 4. Nxe4 Nf6 5. Nxf6+ exf6 6. Nf3 Bd6 7. Be2 0-0 8. 0-0 Bg4 9. h3 Bh5 10. Re1 Re8 11. Nh4 Bg6 12. Nxg6 hxg6 13. Bc4 Nd7 14. Bb3 f5 15. Rxe8+ Qxe8 16. Bg5 Nf8 17. Qd3 Qd7 18. Re1 Re8 19. Rxe8 Qxe8 20. Bd2 1/2-1/2

[Event "SLO-chT2 East"]
[Site "Brezice Maribor"]
[Date "2008.10.18"]
[Round "8"]
[White "Florjancic, Rudolf"]
[Black "Perus, Danilo"]
[Result "0-1"]
[WhiteElo "2023"]
[BlackElo "2317"]
[PlyCount "104"]
[EventDate "2008.10.24"]
[EventType "tourn"]
[EventRounds "9"]
[EventCountry "SLO"]
[SourceTitle "EXT 2010"]
[Source "ChessBase"]
[SourceDate "2010.11.25"]
[SourceVersion "1"]
[SourceVersionDate "2010.11.25"]
[SourceQuality "1"]

1. e4 c5 2. Nf3 Nc6 3. d4 cxd4 4. Nxd4 g6 5. Nc3 Bg7 6. Be3 Nf6 7. Be2 0-0 8. 0-0 d6 9. Kh1 Bd7 10. f4 Nxd4 11. Bxd4 Bc6 12. Bf3 e5 13. fxe5 dxe5 14. Bc5 Re8 15. Qxd8 Rexd8 16. Rad1 b6 17. Be3 h6 18. Kg1 Kf8 19. Rfe1 Rac8 20. Rd2 Rxd2 21. Bxd2 Rd8 22. Be3 Ke8 23. Kf1 Bf8 24. a3 g5 25. h3 Ke7 26. Ke2 Ke6 27. Rd1 Rc8 28. Nd5 Bxd5 29. exd5+ Kd6 30. c3 Be7 31. g3 Rg8 32. g4 e4 33. Bg2 h5 34. c4 hxg4 35. hxg4 Nxg4 36. Bd4 f5 37. b4 Ne5 38. c5+ Kxd5 39. cxb6 axb6 40. Bxb6+ Ke6 41. Rc1 Ra8 42. Rc3 g4 43. Be3 Kd5 44. Bc1 Nc4 45. Kd1 Bf6 46. Rb3 Be5 47. Bf1 f4 48. b5 Rh8 49. Bxc4+ Kxc4 50. Rb4+ Kd3 51. Bd2 Rh1+ 52. Be1 Bc3 0-1

[Event "SLO-chT2 East"]
[Site "Brezice Maribor"]
[Date "2008.10.18"]
[Round "7"]
[White "Perus, Danilo"]
[Black "Halik, Tomo"]
[Result "0-1"]
[WhiteElo "2317"]
[BlackElo "2167"]
[PlyCount "90"]
[EventDate "2008.10.24"]
[EventType "tourn"]
[EventRounds "9"]
[EventCountry "SLO"]
[SourceTitle "EXT 2010"]
[Source "ChessBase"]
[SourceDate "2010.11.25"]
[SourceVersion "1"]
[SourceVersionDate "2010.11.25"]
[SourceQuality "1"]

1. e4 g6 2. d4 Bg7 3. Nc3 c6 4. Be3 d5 5. Qd2 h5 6. f3 e6 7. 0-0-0 Nd7 8. Nh3 Ne7 9. Kb1 b5 10. exd5 exd5 11. Re1 0-0 12. g4 hxg4 13. fxg4 Nf6 14. Bh6 Bxg4 15. Bxg7 Kxg7 16. Nf2 Bh5 17. Bd3 Re8 18. Rhg1 Neg8 19. Re5 Rxe5 20. dxe5 Nd7 21. e6 fxe6 22. Ne2 e5 23. Ng3 Kf8 24. Nh3 Qe7 25. Nxh5 gxh5 26. Ng5 e4 27. Qf4+ Ndf6 28. Be2 Ke8 29. Qf5 a5 30. Ne6 Nh6 31. Qe5 Kd7 32. Rg7 Nf7 33. Nc5+ Kd8 34. Ne6+ Kc8 35. Rxf7 Qxf7 36. Qd6 Kb7 37. Nc5+ Kb6 38. Qxf6 Qxf6 39. Nd7+ Kc7 40. Nxf6 h4 41. c3 Kd6 42. Kc2 Ke5 43. Nh5 b4 44. h3 bxc3 45. bxc3 Rf8 0-1

[Event "SLO-chT2 East"]
[Site "Brezice Maribor"]
[Date "2008.05.24"]
[Round "1"]
[White "Perus, Danilo"]
[Black "Hrvacic, Pavle"]
[Result "0-1"]
[WhiteElo "2317"]
[BlackElo "2296"]
[PlyCount "30"]
[EventDate "2008.10.24"]
[EventType "tourn"]
[EventRounds "9"]
[EventCountry "SLO"]
[SourceTitle "EXT 2010"]
[Source "ChessBase"]
[SourceDate "2010.11.25"]
[SourceVersion "1"]
[SourceVersionDate "2010.11.25"]
[SourceQuality "1"]

1. e4 e5 2. Nf3 Nc6 3. Bb5 f5 4. d3 Nf6 5. Nc3 Bb4 6. Bc4 fxe4 7. dxe4 Bxc3+ 8. bxc3 Qe7 9. 0-0 d6 10. Rb1 Nxe4 11. Re1 Nxc3 12. Qd3 Nxb1 13. Bg5 Qd7 14. Rxb1 Qf5 15. Qd2 Be6 0-1